00716nam a2200241 a 4500001001300000003000900013005001700022008004100039020001300080082001500093100002000108245006000128260003200188300000900220500003500229505001000264650003500274700002000309902000800329942000700337952011500344999001500459nice12345678IN_TiNIC20260116011830.0050524s1954 enga grp 000 0 eng  ac208.0800a268.3bFAB aFaber, Geoffrey aOxford Apostleb Character Study of the Oxford Movement aEnglandbPenguin Bookc1954 a442p aincludes index and biblioraphy2 aIndex aChristian Education & Training1 aFaber, Geoffrey bSRS cBK 001040708StackRoom-aHMIbHMId2007-07-13g208.08l0o268.3 FABp09732r2007-07-13v208.08w2005-05-24yBK c4299d4299